LEADER 01046nam a2200253 4500 001 000000357978 003 CaOOAMICUS 005 20240411142402.0 008 240411s2012 it 000 u ita r 020 $a978-88-514-1088-9 040 $aSeMil$bita 100 1 $aCazzulani, Guglielmo,$c.$0(OLS)http://semarc/name/46381 245 10$aNon sembrava nemmeno Dio :$bparole sul mistero del Natale /$cGuglielmo Cazzulani. 264 1$aMilano :$bÀncora,$c2012. 300 $a176 p. ;$c19 cm 490 1 $aLe àncore 650 4$aNatale - Meditazioni.$0(OLS)http://semarc/subject/7608 830 3$aLe àncore.$0(OLS)http://semarc/title/9339 850 $aSeMil 852 $aSeMil$W1$xVenegono$y1$m2C I 765$j249897$B249099$CSeMilBibl$Z2$F249099 $81 996 $6020$a978-88-514-1088-9$9(OLS)http://semarc/number/300206 996 $6245$aNon sembrava nemmeno Dio :$bparole sul mistero del Natale$9(OLS)http://semarc/title/448256 996 $6264$aMilano :$bÀncora$9(OLS)http://semarc/publisher/29763 LEADER 01263nam a2200205 i 4500 001 000000000506 003 CaOOAMICUS 005 20180830125433.0 008 180830s1994 xxk u000 u und u 040 $aSeMil$bita 100 1 $aBarrett, Charles Kingsley,$d<1917-2011>.$0(OLS)http://semarc/name/348 245 12$aA critical and exegetical commentary on the Acts of the apostles /$cby C.K. Barrett. 260 $aEdinburgh :$bT. & T. Clark,$c1994. 300 $av. ;$c22 cm. 650 4$aBibbia. Nuovo Testamento. Atti degli Apostoli - Commentari, studi, critica, interpretazioni.$0(OLS)http://semarc/subject/30 773 0 $tInternational Critical Commentary.$dEdinburgh : T. & T. Clark, [19--]$w()309 774 0 $tPreliminary Introduction and Commentary on Acts 1.-14.$kInternational Critical Commentary : on the Holy Scriptures of the Old and New Testaments.$z0-567-09653-X$gVolume1$w()65182 774 0 $tIntroduction and Commentary on Acts 15.-28.$kInternational Critical Commentary : on the Holy Scriptures of the Old and New Testaments.$z0-567-08395-0$gVolume2$w()132324 996 $6245$aA critical and exegetical commentary on the Acts of the apostles$9(OLS)http://semarc/title/673 996 $6260$aEdinburgh :$bT. & T. Clark$9(OLS)http://semarc/publisher/29818